• 首页
  • 本馆介绍
  • 公告通知
  • 最新文献
  • 馆藏检索
  • 电子资源
  • 读者导购
  • 参考咨询
  • 我的图书馆
  • 登录
  • 详细信息显示
  • 放入我的书架
  • 预约/预借图书
  • 作者相关作品
  • 分类相关作品
  • 丛书相关作品
  • 出版社相关作品

书目信息

  • 表格格式
  • 工作单格式
  • 卡片格式
题名:
天地大美而不言
    
 
作者: 何新 著
分册:  
出版信息: 北京   文化发展出版社  2016.09
页数: 237页
开本: 23cm
丛书名: 何新品读国学经典系列
单 册:
中图分类: P194.3
科图分类:
主题词: 古历法--考证--中国
电子资源:
ISBN: 978-7-5142-1470-3
000 01014oam2 2200277 450
001 956
005 20180927083011.04
010    @a978-7-5142-1470-3@dCNY45.00
100    @a20161114d2016 em y0chiy50 ea
101 0  @achi
102    @aCN@b110000
105    @ay z 000yy
200 1  @a天地大美而不言@9tian di da mei er bu yan@e何新品《夏小正》@f何新著
210    @a北京@c文化发展出版社@d2016.09
215    @a237页@d23cm
225 1  @a何新品读国学经典系列
314    @a何新,男,系中国著名学者、历史学家、经济学家、哲学家,也是国际知名的政论家、战略问题评论家。出版专著、译著50余种。
330    @a本书分为《夏小正》新考、古历法研究、古月令。内容包括:《夏小正》经传注释、《夏小正》物候表、诸家考《夏小正》星象表等。
461  0 @12001 @a何新品读国学经典系列
517 1  @a何新品《夏小正》@9he xin pin《xia xiao zheng》
605    @a《夏小正》@x考证
606 0  @a古历法@x考证@y中国
690    @aP194.3@v5
701  0 @a何新@9he xin@4著
801  0 @aCN@b91MARC@c20161118
905    @aMuseLib@dP194.3@e256
    
    天地大美而不言:何新品《夏小正》/何新著.-北京:文化发展出版社,2016.09
    237页;23cm.-(何新品读国学经典系列)
    
    
    ISBN 978-7-5142-1470-3:CNY45.00
    本书分为《夏小正》新考、古历法研究、古月令。内容包括:《夏小正》经传注释、《夏小正》物候表、诸家考《夏小正》星象表等。
●
相关链接 在E读中查询图书 在五车中查询图书 在当当中查询图书 在豆瓣中查询图书


正题名:天地大美而不言     索取号:P194.3/256         预约/预借

序号 登录号 条形码 馆藏地/架位号 状态 备注
1 1120474   211204748   第二样本阅览室/ [索取号:P194.3/256] 在馆    
2 1120475   211204757   第三借阅区/ [索取号:P194.3/256] 在馆    
3 1120476   211204766   第三借阅区/ [索取号:P194.3/256] 在馆    
4 1120477   211204775   第三借阅区/ [索取号:P194.3/256] 在馆    
5 1120478   211204784   密集书库-资源管理系/ [索取号:P194.3/256] 在馆    
唐山师范学院图书馆 欢迎您!
大连网信软件有限公司© 版权所有